00384nam a2200121Ia 4500008004100000041000800041082000800049100007800057245005200135260004900187300002000236440000600256221007s9999 xx 000 0 und d aeng bAMR aAmruta Bhalerao - 2k171004; Dr. Sonali Parchure - Guide & Reliance Nippon 2aA Stidy On Concepts In Wealth Creation Of Firms c2018bSavitribai Phule Pune UniversityaPune a54pcHard Bound v1